000 00209nam a22000857a 4500
008 160817b xxu||||| |||| 00| 0 eng d
100 _9155
_aOm kidz
245 _a365 Jataka Tales
260 _aNew Delhi
_bOm kidz
_c2012
999 _c2813
_d2813